000 00421cam a22001337a 4500
008 180718b1953 xxu||||| |||| 00| 0 eng d
082 _aT2011 B777
245 _aInspection in industry
_cby British Productivity Council, India
260 _aLondon
_bBritish Productivity Council
_c1953
300 _ax,74p.
650 _aQuality control
650 _aEngineering inspection
700 _aIndia. British Productivity Council,
999 _c437584
_d437584